After the Tests:U.S policy toward India and Pakistan (Record no. 223802)
[ view plain ]
| 000 -LEADER | |
|---|---|
| fixed length control field | 00674nam a22001937a 4500 |
| 005 - DATE AND TIME OF LATEST TRANSACTION | |
| control field | 20220715091858.0 |
| 008 - FIXED-LENGTH DATA ELEMENTS--GENERAL INFORMATION | |
| fixed length control field | 220714b ||||| |||| 00| 0 eng d |
| 040 ## - CATALOGING SOURCE | |
| Transcribing agency | AL |
| 041 ## - LANGUAGE CODE | |
| Language code of text/sound track or separate title | English |
| 082 ## - DEWEY DECIMAL CLASSIFICATION NUMBER | |
| Edition number | 23 |
| Classification number | 327.73054 |
| Item number | HAAA |
| 100 ## - MAIN ENTRY--PERSONAL NAME | |
| Personal name | Richard N Haass and others |
| 100 ## - MAIN ENTRY--PERSONAL NAME | |
| 9 (RLIN) | 49691 |
| 245 ## - TITLE STATEMENT | |
| Title | After the Tests:U.S policy toward India and Pakistan |
| 260 ## - PUBLICATION, DISTRIBUTION, ETC. | |
| Place of publication, distribution, etc. | New York |
| Name of publisher, distributor, etc. | Concil on Foreign Relations Inc |
| Date of publication, distribution, etc. | 1998 |
| 300 ## - PHYSICAL DESCRIPTION | |
| Extent | 68 p. |
| Other physical details | PB |
| 650 ## - SUBJECT ADDED ENTRY--TOPICAL TERM | |
| Topical term or geographic name entry element | report of an independent task force : cosponsored by the Brookings Institution and the Council on Foreign Relations |
| 9 (RLIN) | 49692 |
| 700 ## - ADDED ENTRY--PERSONAL NAME | |
| Personal name | HAASS (Richard N) |
| 9 (RLIN) | 49693 |
| 700 ## - ADDED ENTRY--PERSONAL NAME | |
| Personal name | HALPERIN (Morton H) |
| 9 (RLIN) | 49694 |
| 942 ## - ADDED ENTRY ELEMENTS (KOHA) | |
| Source of classification or shelving scheme | Dewey Decimal Classification |
| Koha item type | George Fernandes Collections |
| Withdrawn status | Lost status | Source of classification or shelving scheme | Damaged status | Not for loan | Collection code | Home library | Current library | Date acquired | Total Checkouts | Full call number | Barcode | Date last seen | Price effective from | Koha item type |
|---|---|---|---|---|---|---|---|---|---|---|---|---|---|---|
| Dewey Decimal Classification | Political Science | St Aloysius Library | St Aloysius Library | 03/23/2013 | 327.73054 HAAA | GF00381 | 07/14/2022 | 07/14/2022 | George Fernandes Collections |